History Quiz

Random History or Politics Quiz

Presidents of Ireland Quiz Stats

Quiz not verified by Sporcle

Challenge
Share
Tweet
Embed
Score 0/8 Timer 03:00
0 Plays Today
Years in Office President % Correct
1959-1973Éamonn de Valera
93.8%
1990-1997Mary Robinson
90.6%
1997-PresentMary McAleese
84.4%
1938-1945Douglas Hyde
71.9%
1973-1974Erskine Childers
62.5%
1976-1990Patrick Hillery
51%
1945-1959Seán T. O'Kelly
50%
1974-1976Cearbhall Ó Dáilaigh
31.3%

You're not logged in!

Compare scores with friends on all Sporcle quizzes.
Join for Free
OR
Log In

You Might Also Like...

Show Comments

Extras

Top Quizzes Today


Score Distribution

Your Account Isn't Verified!

In order to create a playlist on Sporcle, you need to verify the email address you used during registration. Go to your Sporcle Settings to finish the process.

Report this User

Report this user for behavior that violates our Community Guidelines.

Details: